| 000 | 01097nam a2200325 ia4500 | ||
|---|---|---|---|
| 001 | C2-0289711 | ||
| 003 | PPAK | ||
| 005 | 20240807115038.0 | ||
| 008 | 080902s2003 my ao f o 0 bmay d | ||
| 020 |
_a9679030636 _qset |
||
| 020 |
_a9789679030648 _qpaperback |
||
| 040 |
_aPPAK _beng _cPPAK _erda |
||
| 082 | 0 | 4 |
_223 _a927.09595 |
| 090 | 2 | 0 |
_a927 _bSYE _dKSS |
| 090 | 2 | 0 |
_a927 _bSYE _dR |
| 090 | 2 | 0 |
_a927.09595 _bSYE _dKZR |
| 245 | 0 | 0 |
_aDato' Syed Ahmad Jamal : _bTokoh Seniman Negara ke 2 / _cpenyelenggara Zainal Jaslan |
| 264 | 1 |
_aKuala Lumpur : _bKementerian Kebudayaan, Kesenian dan Pelancongan Malaysia, _c2003 |
|
| 300 |
_a60 pages : _bcolour photographs ; _c22 cm |
||
| 336 |
_2rdacontent _atext |
||
| 337 |
_2rdamedia _aunmediated |
||
| 338 |
_2rdacarrier _avolume |
||
| 490 | 1 | _aSIRI TOKOH ANUGERAH SENI NEGARA | |
| 600 | 0 | 4 |
_aSyed Ahmad Jamal, _cDato' _d1929- |
| 650 | 1 | 0 |
_aArtists _zMalaysia _vBiography |
| 650 | 2 | 0 |
_aDrawing _zMalaysia _vBiography |
| 700 | 0 |
_aZainal Jaslan, _ecompiler. |
|
| 830 | 0 | _aSiri tokoh anugerah seni negara | |
| 942 |
_cB _2ddc |
||
| 999 |
_c95086 _d95086 |
||